Μελισσοκομία : συστηματικός οδηγός μελισσοκομίας - για να γνωρίσετε τη μέλισσα
Αποθηκεύτηκε σε:
| Κύριος συγγραφέας: | |
|---|---|
| Άλλοι συγγραφείς: | , , |
| Μορφή: | Βιβλίο |
| Γλώσσα: | Greek |
| Δημοσίευση: |
Αθήνα :
Εκδόσεις Ψύχαλου,
[1991].
|
| Θέματα: | |
| Ετικέτες: |
Προσθήκη ετικέτας
Δεν υπάρχουν, Καταχωρήστε ετικέτα πρώτοι!
|
MARC
| LEADER | 00000cam a2200000 i 4500 | ||
|---|---|---|---|
| 001 | 1/59579 | ||
| 008 | 141111q1991 gr |||||||||| ||gre|| | ||
| 020 | |a 9607920198 | ||
| 035 | |l 10119721 | ||
| 040 | |a GR-MY-UA |b gre |e aacr | ||
| 041 | 0 | |a gre | |
| 082 | 0 | |a 638.1 |2 (23) | |
| 100 | 1 | |a Jean - Prost, Pierre, |e aut | |
| 245 | 1 | 0 | |a Μελισσοκομία : |b συστηματικός οδηγός μελισσοκομίας - για να γνωρίσετε τη μέλισσα / |c Piere Jean-Prost ; προσαρμογή και επιμέλεια ύλης: Θανάσης Μπίκος ; με την συνεργασία του καθηγητή Paul Medori ; πρόλογος του M. Clement Bouchardeau. |
| 260 | |a Αθήνα : |b Εκδόσεις Ψύχαλου, |c [1991]. | ||
| 300 | |a 431 σ. : |b έγχρ.εικ., πίν. ; |c 24 εκ. | ||
| 650 | 0 | 0 | |a Bee culture. |
| 650 | 0 | 0 | |a Bees |x Diseases |x Prevention. |
| 650 | 0 | 0 | |a Bees |x Anatomy. |
| 700 | 1 | |a Medori, Paul, |e edt | |
| 700 | 1 | |a Bouchardeau, M. Clement, |e aui | |
| 700 | 1 | |a Μπίκος, Θανάσης, |e trl | |
| 852 | |a INST |b LEMNOS |e 20141111 |h 638.1 JEA |p 005600001650 |q 005600001650 |t BK |y 0 | ||
| 901 | |a BIBL6-2014-3 | ||
| 909 | |a Μ |b 189922 | ||
| 922 | |a 6ΕΛΗ |b 201406 |c ΤΑΚ/ΤΕΤΔ |d ΙΩΑΝΝΙΔΟΥ | ||
| 970 | |a ΜΟΣΧΟΒΗ |b ΕΥΑΓΓΕΛΙΑ |z 2014/11/11 | ||